000 00502nam a2200193Ia 4500
003 OSt
005 20230602082215.0
008 210423s2005 xx 000 0 und d
040 _cAL
041 _aeng
082 _a362.1
_223
_bSARN
100 _aSARKAR (A K).
_9118433
245 _aNGOs: the new lexicon of health care.
260 _aNew Delhi
_bConcept publishing company
_c2005
300 _bHB
365 _b550
_cINR
906 _acare. ; health ; lexicon ; new ; NGOs:
942 _2ddc
_cBK
999 _c175635
_d175635